Регионална библиотека "Любен Каравелов" - Русе

30 Wunder von Bulgarien (Запис номер 400464)

MARC детайли
000 -Лидер
Контролно поле с фиксирана дължина nam a22 7a 4500
003 - Код на организацията, давaща контролен номер
Контролно поле BLK
005 - Дата и час на последна редакция
Контролно поле 20210309163238.0
008 - Елементи от данни с фиксирана дължина
fixed length control field 210309b bu ||||| |||| 00| 0 bu d
020 ## - Международен стандартен номер на книга ISBN
Международен стандартен номер на книга ISBN 9789542934486
040 ## - Източник на каталожния запис
Идентификатор на билиотеката - собственик на записа BLK
041 ## - Код за език
Код за езика на текст/звукозапис или на отделно заглавие Немски
Код за езика КДБФ Немски
080 ## - УДК
Текстов определител УДК История на цивилизацията. История на културата
УДК код - определител по УДК 930.85
УДК определител (497.2)
УДК - код + определител 930.85(497.2)
100 ## - Редна дума - Автор
R(LIN) 1299
Автор Bozukova, Slavka Nikolova
Авторска отговорност първи автор
139 ## - Редно поле
Редна дума Bozukova, Slavka Nikolova
Авторски знак Boy - B 83
245 ## - Сведения за заглавието
Заглавие 30 Wunder von Bulgarien
Подзаглавни данни Die Legenden
Редно поле (дума) Slavka Bosukova ; ubers. Stela Valkanova
260 ## - Област на издателските данни
9 (RLIN) 442955
Място на издаване, разпространение и проч. Sofia
Име на издателя, разпространителя и проч. Standart
Година на издаване 2020
300 ## - Физическа характеристика
Страници 128 с.
Илюстрации и др. с цв. ил.
Размери/Мащаб 21 см
380 ## - Жанр
Жанр История
501 ## - Забележка „подвързано към”
Забележка: Подвързано към... Прев. по: 40 легенди за чудесата на България
650 #7 - Допълнително описание по предмет – тема
9 (RLIN) 159973
Основно описание – тема или топоним Културно-историческо наследство - България
651 #0 - Допълнително описание по предмет - топоним
9 (RLIN) 241624
Географско понятие България
653 #7 - Ключова дума – ненормативна
9 (RLIN) 187889
Ключова дума история
700 ## - Други автори (авторска отговорност)
9 (RLIN) 999
Лично име Valkanova, Stela
Автороска отговорност (Описва отношението между автора и произведението) прев. на нем.
700 ## - Други автори (авторска отговорност)
9 (RLIN) 442957
Лично име Валканова, Стела
852 ## - Местоположение
Форматна сигнатура Цб 307056
Фондова буква Хранилище
999 ## - СИСТЕМНИ КОНТРОЛНИ НОМЕРА
Koha biblionumber 400464
Koha biblioitemnumber 400464
942 ## - АРТИКУЛИ
Вид на библиотечния материал Книги
Скрит в OPAC Не
Периодичен библиозапис Да
944 ## - СЪЗДАВАНЕ И РЕДАКЦИЯ на ЗАПИСА
Създаване/Редакция Създаване
Дата на регистрацията/редакция 2021-03-09
Служител, извършил регистрацията/редакцията К.Д.
Наличности
Код за отписване Код за изгубен артикул Източник на класификационната схема Код за повреда Коз за рестрикции Код за отдаване Артикулен № Име на библиотеката - собственик Име на библиотеката, в която се намира в момента Статус (Текущо местоположение) Дата на вписване в системата Местоположение - отдел Цена в лева Систематично азбучна сигнатура Баркод Цена в евро Служебен тип на артикула
  Не е изгубен Universal Decimal Classification Не е повреден само за читалня ползва се в читалня 815833 Регионална библиотека "Любен Каравелов" Русе Регионална библиотека "Любен Каравелов" Русе Хранилище 2021-03-10 Хранилище 15.00 Цб 307056 120000853112 7.67 Книги
Vip Innovations Ltd, Rousse, Bulgaria 2025